| 000 | 01062aam a2200325 4500 | ||
|---|---|---|---|
| 005 | 20170130143447.0 | ||
| 008 | 150724b xxu||||| |||| 00| 0 spa d | ||
| 041 | _a aam a22 4500 | ||
| 082 | _a617.692 B333r | ||
| 100 |
_aBatista Mendes, Wilson _937576 |
||
| 100 |
_aMiyashita, Eduardo _937577 |
||
| 100 |
_aGomes de Oliveira, Gustavo _937578 |
||
| 245 | _aRehabilitación oral: previsibilidad y longevidad tomo 1 | ||
| 260 |
_aVenezuela _bAMOLCA _c2014 |
||
| 300 | _a389 páginas | ||
| 650 |
_aREHABILITACIÓN ORAL _91178 |
||
| 650 |
_aODONTOLOGÍA ESTÉTICA _91170 |
||
| 650 |
_aSONRISA DEL PACIENTE _937579 |
||
| 650 |
_aPLANIFICACIÓN ESTÉTICA _937580 |
||
| 650 |
_aENFERMEDADES SISTÉMICAS _937581 |
||
| 650 |
_aLESIONES BUCALES _937582 |
||
| 650 |
_aCÁNCER BUCAL _97518 |
||
| 650 |
_aDISFUNCIONES TEMPOROMANDIBULARES _937583 |
||
| 650 |
_aBRUXISMO _915789 |
||
| 650 |
_aTRAUMA OCLUSAL _937584 |
||
| 650 |
_aENFERMEDAD PERIODONTAL _926114 |
||
| 650 |
_aTRATAMIENTO ENDODÓNTICO _937585 |
||
| 650 |
_aENDODONCIA _9336 |
||
| 942 | _cBK | ||
| 999 |
_c6491 _d6491 |
||